Diagnostic and statistical manual of mental disorders
Gardado en:
| Formato: | Libro |
|---|---|
| Idioma: | Undetermined |
| Publicado: |
U.S.A.
American psychiatric association
1980
|
| Những chủ đề: | |
| Các nhãn: |
Engadir etiqueta
Sen Etiquetas, Sexa o primeiro en etiquetar este rexistro!
|
| Thư viện lưu trữ: | Trung tâm Học liệu Trường Đại học Cần Thơ |
|---|
| LEADER | 00427nam a2200145Ia 4500 | ||
|---|---|---|---|
| 001 | CTU_45961 | ||
| 008 | 210402s9999 xx 000 0 und d | ||
| 082 | |a 616.80475 | ||
| 082 | |b D537 | ||
| 245 | 0 | |a Diagnostic and statistical manual of mental disorders | |
| 260 | |a U.S.A. | ||
| 260 | |b American psychiatric association | ||
| 260 | |c 1980 | ||
| 650 | |a mental disorders | ||
| 980 | |a Trung tâm Học liệu Trường Đại học Cần Thơ | ||